PHARMACOLOGY -III (SEM-VI) (Record no. 5907)

MARC details
000 -LEADER
fixed length control field 00390nam a22001577a 4500
005 - DATE AND TIME OF LATEST TRANSACTION
control field 20210828105330.0
008 - FIXED-LENGTH DATA ELEMENTS--GENERAL INFORMATION
fixed length control field 190530b xxu||||| |||| 00| 0 eng d
020 ## - INTERNATIONAL STANDARD BOOK NUMBER
ISBN 978-93-5164-655-61
041 ## - LANGUAGE CODE
Language code of text/sound track or separate title eng
100 ## - MAIN ENTRY--AUTHOR NAME
Personal name TEMBHURNE, DR. SACHIN V
245 ## - TITLE STATEMENT
Title PHARMACOLOGY -III (SEM-VI)
250 ## - EDITION STATEMENT
Edition statement 2nd, Ed. 2019
260 ## - PUBLICATION, DISTRIBUTION, ETC. (IMPRINT)
Place of publication PUNE
Name of publisher NIRALI PRAKASHAN
300 ## - PHYSICAL DESCRIPTION
Number of Pages 11.4p,
942 ## - ADDED ENTRY ELEMENTS (KOHA)
Koha item type Books
Holdings
Lost status Damaged status Collection code Home library Current library Shelving location Date acquired Source of acquisition Cost, normal purchase price Accession Number Koha item type Full call number
    Reference JRU Library JRU Library SHELF-4-A 30/05/2019 PURCHESS 150.00 22881 Books  
    PHARMACY JRU Library JRU Library Shelf - 21- E 30/05/2019 PURCHESS 150.00 22882 Books 615.1
    PHARMACY JRU Library JRU Library Shelf - 21- E 30/05/2019 PURCHESS 150.00 22883 Books 615.1